[Event "BRA Bahia zt"]
[Site "Salvador"]
[Date "2015.06.04"]
[Round "4"]
[White "Lemos, Hamilton Rabat"]
[Black "Da Costa, Loyson Rodrigues"]
[Result "1-0"]
[WhiteElo "2005"]
[BlackElo "1976"]
[PlyCount "73"]
[EventDate "2015.06.04"]
[EventType "swiss"]
[EventRounds "7"]
[EventCountry "BRA"]
[SourceTitle "EXT 2022"]
[Source "ChessBase"]
[SourceDate "2021.10.06"]
[SourceVersion "1"]
[SourceVersionDate "2021.10.06"]
[SourceQuality "1"]

1. e4 e6 2. d4 d5 3. Nc3 dxe4 4. Nxe4 Nd7 5. Nf3 Ngf6 6. Bd3 Be7 7. 0-0 h6 8. Re1 b6 9. Nxf6+ Nxf6 10. Ne5 Bd7 11. Qf3 0-0 12. Qh3 h5 13. Bg5 g6 14. Bh6 Be8 15. Nxg6 fxg6 16. Qxe6+ Rf7 17. Bxg6 Bf8 18. Bg5 Bg7 19. c3 Kf8 20. Qh3 Re7 21. Bc2 Bf7 22. Re5 Qd6 23. Rae1 Rae8 24. f4 c5 25. Ba4 Be6 26. Qh4 Bd7 27. Bxd7 Rxd7 28. Bxf6 Rxe5 29. Bxe5 Bxe5 30. dxe5 Qg6 31. e6 Rd6 32. e7+ Ke8 33. Qh3 Rd7 34. f5 Qg5 35. f6 Qd5 36. Qg3 Rb7 37. Qg6+ 1-0

[Event "BRA Bahia Region"]
[Site "Salvador"]
[Date "2013.04.27"]
[Round "2.2"]
[White "Da Costa, Loyson Rodrigues"]
[Black "Barreto, Jorge Eduardo Q"]
[Result "1-0"]
[WhiteElo "2010"]
[BlackElo "1926"]
[PlyCount "69"]
[EventDate "2013.04.27"]
[EventType "swiss"]
[EventRounds "9"]
[EventCountry "BRA"]
[SourceTitle "EXT 2022"]
[Source "ChessBase"]
[SourceDate "2021.10.06"]
[SourceVersion "1"]
[SourceVersionDate "2021.10.06"]
[SourceQuality "1"]

1. d4 Nf6 2. c4 g6 3. Nc3 Bg7 4. e4 d6 5. f3 0-0 6. Be3 Nc6 7. Qd2 a6 8. Bd3 e5 9. d5 Nd4 10. Nge2 Nd7 11. Bg5 f6 12. Bh6 Bxh6 13. Qxh6 Nc5 14. 0-0-0 Nxd3+ 15. Rxd3 Nxe2+ 16. Nxe2 b5 17. h4 bxc4 18. Rc3 c6 19. Qd2 c5 20. Rxc4 Bd7 21. Rc2 Rb8 22. Nc3 Rb4 23. Qe3 Qa5 24. g4 Bb5 25. f4 Bc4 26. h5 gxh5 27. Rxh5 Bxa2 28. Rg2 Bb3 29. Kb1 Rd4 30. Rh1 Bc4 31. Rd2 Rb8 32. fxe5 dxe5 33. g5 Qb6 34. gxf6 Rxd2 35. Qg5+ 1-0